Lịch sử kiến trúc qua hình vẽ

में बचाया:
ग्रंथसूची विवरण
मुख्य लेखक: Đặng Thái Hoàng
स्वरूप: पुस्तक
भाषा:Undetermined
प्रकाशित: Hà Nội KHKT 1996
विषय:
टैग : टैग जोड़ें
कोई टैग नहीं, इस रिकॉर्ड को टैग करने वाले पहले व्यक्ति बनें!
Thư viện lưu trữ: Trung tâm Học liệu Trường Đại học Cần Thơ
LEADER 00538nam a2200193Ia 4500
001 CTU_36811
008 210402s9999 xx 000 0 und d
020 |b 10.000đ 
082 |a 720 
082 |b H407/1996 
100 |a Đặng Thái Hoàng 
245 0 |a Lịch sử kiến trúc qua hình vẽ 
245 0 |c Đặng Thái Hoàng 
260 |a Hà Nội 
260 |b KHKT 
260 |c 1996 
650 |a architecture - history 
904 |i Minh, 000607 
980 |a Trung tâm Học liệu Trường Đại học Cần Thơ